Feyenoord Squad 2025-2026 - Statistics

General Stats
  • This quiz has been taken 93 times
    11 since last reset
  • The average score is 22 of 37
Answer Stats
# Position Nation Player % Correct
9 FW Japan Ayase Ueda
100%
6 MF South Korea In-beom Hwang
100%
1 GK Netherlands Justin Bijlow
100%
- Coach Netherlands Robin van Persie
100%
22 GK Germany Timon Wellenreuther
100%
18 DF Austria Gernot Trauner
89%
16 FW Slovakia Leo Sauer
89%
19 FW England Raheem Sterling
89%
23 FW Algeria Anis Hadj Moussa
78%
5 DF Netherlands Gijs Smal
78%
7 MF Poland Jakub Moder
78%
8 MF Netherlands Quinten Timber
78%
4 DF Japan Tsuyoshi Watanabe
78%
2 DF Netherlands Bart Nieuwkoop
67%
11 FW Portugal Gonçalo Borges
67%
15 DF Australia Jordan Bos
67%
30 DF Switzerland Jordan Lotomba
67%
14 MF Netherlands Sem Steijn
67%
21 DF Bosnia and Herzegovina Anel Ahmedhodžić
56%
17 FW Denmark Casper Tengstedt
56%
26 DF Netherlands Givairo Read
56%
8 DF Netherlands Jeremiah St. Juste
56%
40 MF Netherlands Luciano Valente
56%
32 FW Netherlands Aymen Sliti
44%
27 FW Mali Gaoussou Diarra
44%
31 DF Sweden Malcolm Jeng
44%
28 MF Morocco Oussama Targhalline
44%
3 DF Netherlands Thomas Beelen
44%
10 FW Canada Cyle Larin
33%
36 FW Netherlands Jaden Slory
33%
39 GK Ireland Liam Bossin
33%
20 DF Netherlands Mats Deijl
33%
25 MF Suriname Shiloh 't Zand
33%
13 GK Germany Steven Benda
33%
24 MF Netherlands Thijs Kraaijeveld
22%
47 MF Netherlands Thijs Kraaijeveld
22%
43 DF Netherlands Jan Plug
11%
No matching quizzes found
Score Distribution
Percent of People with Each Score
Percentile by Number Answered
Your Score History
You have not taken this quiz since the last reset